[Event "EU-ch Schools U15"]
[Site "Limerick"]
[Date "2024.06.06"]
[Round "8"]
[White "Braemigk, Eren Maximilian"]
[Black "Dascalescu, Adelin Stefan"]
[Result "0-1"]
[WhiteElo "1733"]
[BlackElo "1832"]
[PlyCount "40"]
[EventDate "2024.05.31"]
[EventType "swiss"]
[EventRounds "9"]
[EventCountry "IRL"]
[SourceTitle "CBM 220 Extra"]
[Source "ChessBase"]
[SourceDate "2024.07.31"]
[SourceVersion "1"]
[SourceVersionDate "2024.07.31"]
[SourceQuality "1"]

1. d4 e6 2. c4 f5 3. Nh3 Nf6 4. g3 Bb4+ 5. Bd2 Bxd2+ 6. Nxd2 Nc6 7. e3 e5 8. Nb3 exd4 9. Nxd4 0-0 10. Nf4 Qe7 11. a3 g5 12. Nd5 Nxd5 13. cxd5 Ne5 14. Qh5 d6 15. Ne6 Bxe6 16. dxe6 g4 17. Be2 Qxe6 18. h4 h6 19. Rc1 c6 20. b4 Kh7 0-1

[Event "EU-ch Schools U15"]
[Site "Limerick"]
[Date "2024.06.01"]
[Round "2"]
[White "Dascalescu, Adelin Stefan"]
[Black "Yalcinkaya, Efe"]
[Result "0-1"]
[WhiteElo "1832"]
[BlackElo "2026"]
[PlyCount "80"]
[EventDate "2024.05.31"]
[EventType "swiss"]
[EventRounds "9"]
[EventCountry "IRL"]
[SourceTitle "CBM 220 Extra"]
[Source "ChessBase"]
[SourceDate "2024.07.31"]
[SourceVersion "1"]
[SourceVersionDate "2024.07.31"]
[SourceQuality "1"]

1. d4 Nf6 2. Bg5 d5 3. Bxf6 exf6 4. e3 Bd6 5. c4 dxc4 6. Bxc4 f5 7. Ne2 Nd7 8. Nbc3 0-0 9. h4 h5 10. a3 Nf6 11. Nb5 g6 12. Nxd6 Qxd6 13. Nf4 Kg7 14. Be2 Re8 15. Rc1 Be6 16. Nxe6+ Rxe6 17. 0-0 Ng4 18. g3 Rxe3 19. Bxg4 hxg4 20. Qc2 Re7 21. Qb3 c6 22. Qc3 Qd5 23. Qb4 Rd7 24. Rcd1 Qd6 25. Qc3 Qf6 26. Rd3 Rad8 27. Rfd1 Rd5 28. b4 f4 29. a4 a6 30. Qd2 f3 31. Qe3 R8d6 32. Qe4 Qf5 33. Qe7 Qe6 34. Qxb7 Rxd4 35. Rxd4 Rxd4 36. Rc1 Qe2 37. Qxc6 Rd1+ 38. Rxd1 Qxd1+ 39. Kh2 Qf1 40. Qc3+ Kh7 0-1